Autobahnen von Deutschland mit Karte - Statistiken

Allgemein
  • Dieses Quiz wurde 842 mal gespielt
  • Das Durchschnittsergebnis liegt bei 10 aus 64
Antworten auf der Karte
Die Antworten werden auf der Karte rot bzw. grün angezeigt, abhängig davon wie oft sie richtig erraten wurden.
 
Antwortstatistiken
Abk. Name % Korrekt
A10 Berliner Ring
53%
A20 Küstenautobahn | Nordwestumfahrung Hamburg | Ostseeautobahn
36%
A1 Vogelfluglinie | Hansalinie | Ruhrtangente | Kölner Ring | Eifelautobahn
33%
A40 Ruhrschnellweg | Ruhrschleichweg
29%
A3 Hollandlinie | Rechtsrheinische Autobahn | Kölner Ring | Spessartautobahn | Donautalautobahn
24%
A19 Bundesautobahn 19
23%
A24 Bundesautobahn 24
23%
A45 Dortmunder Ring | Sauerlandlinie | Siegerlandautobahn
23%
A31 Emslandautobahn | Friesenspieß
23%
A28 Bundesautobahn 28
21%
A5 Bergstraßenautobahn | Rheintalautobahn | Rechtsrheinische Autobahn
20%
A30 Bundesautobahn 30
20%
A43 Bundesautobahn 43
20%
A49 Bundesautobahn 49
20%
A67 Bundesautobahn 67
20%
A4 Hollandlinie | Kölner Ring | Oberbergische Straße
20%
A81 Bodenseeautobahn | Spätzle-Highway | Gipsstrecke
19%
A52 Bundesautobahn 52
19%
A62 Bundesautobahn 62
19%
A63 Bundesautobahn 63
19%
A64 Bundesautobahn 64
19%
A65 Bundesautobahn 65
19%
A73 Frankenschnellweg
19%
A2 Warschauer Allee
19%
A60 Bundesautobahn 60
18%
A98 Hochrheinautobahn | Bodenseeautobahn | Voralpenautobahn
18%
A7 Nord-Süd-Achse | Rhönautobahn
17%
A93 Ostbayernautobahn | Inntalautobahn
17%
A8 Saar-Autobahn | Albaufstieg/Albabstieg
16%
A71 Thüringer-Wald-Autobahn
15%
A96 Allgäuautobahn | Ammerseeautobahn
14%
A57 Niederrheinautobahn | Trans-Niederrhein-Magistrale | Linksrheinische Autobahn
14%
A15 Spreewaldautobahn
14%
A72 Vogtlandautobahn
14%
A61 Linksrheinische Autobahn
13%
A99 Autobahnring München
12%
A9 Berliner Autobahn | Nürnberger Autobahn
12%
A42 Emscherschnellweg
12%
A6 Via Carolina
12%
A12 Autobahn der Freiheit
11%
A36 Nordharzautobahn | Harz-Highway
11%
A66 Rhein-Main-Schnellweg | Kinzigtalautobahn
11%
A38 Südharzautobahn | Südumgehung Leipzig | Mitteldeutsche Schleife
11%
A11 Berlinka
10%
A70 Maintalautobahn
10%
A48 Westerwaldautobahn
10%
A14 Altmarkautobahn | Mitteldeutsche Schleife
9%
A92 Isarlinie | Flughafenzubringer
9%
A33 Teutoburger-Wald-Autobahn | Senne-Autobahn
9%
A17 Via Porta Bohemica | Prager Autobahn
9%
A46 Wupperschnellweg | Hochsauerlandlinie | Ruhrtalautobahn
9%
A44 Hellweglinie
8%
A37 Messeschnellweg | Messestutzen
8%
A59 Nord-Süd-Straße | Flughafenautobahn
8%
A95 Olympiastraße
8%
A27 Schellfischlinie | Blocklandlinie
8%
A94 Töginger Straße | Isentalautobahn
8%
A23 Westküstenautobahn
8%
A26 Altes-Land-Autobahn | Hafenquerspange
7%
A29 Jadelinie
7%
A21 Ostumfahrung Hamburg
7%
A13 Bundesautobahn 13
6%
A39 Maschener Autobahn | Nordlandautobahn
6%
A25 Marschenlinie
3%
Keine übereinstimmenden Quizze gefunden
Verteilung der Resultate
Anzahl Personen mit jedem Resultat
Perzentil nach korrekt beantworteten Fragen
Ihre Resultats-Entwicklung
Sie haben dieses Quiz noch nicht gespielt